[Event "GER-ch U14 Girls"]
[Site "Oberhof"]
[Date "2012.05.31"]
[Round "7"]
[White "Petermann, Tessa"]
[Black "Koch, Elisabeth"]
[Result "1/2-1/2"]
[WhiteElo "1428"]
[BlackElo "1672"]
[PlyCount "84"]
[EventDate "2012.05.27"]
[EventType "swiss"]
[EventRounds "9"]
[EventCountry "GER"]
[SourceTitle "CBM 148 Extra"]
[Source "ChessBase"]
[SourceDate "2012.06.22"]
[SourceVersion "1"]
[SourceVersionDate "2012.06.22"]
[SourceQuality "1"]

1. e4 e5 2. Nf3 Nc6 3. d4 exd4 4. Bc4 Nf6 5. 0-0 Nxe4 6. Re1 d5 7. Bxd5 Qxd5 8. Nc3 Qa5 9. Nxe4 Be6 10. Bd2 Qd5 11. Bg5 Bd6 12. Bf6 0-0 13. Nxd4 Nxd4 14. Qxd4 Qxd4 15. Bxd4 Bb4 16. Bc3 Be7 17. Rad1 Rad8 18. Ng3 Rfe8 19. a3 c5 20. h3 b5 21. Nf5 Bf8 22. Ne3 f6 23. Rxd8 Rxd8 24. Rd1 Rxd1+ 25. Nxd1 Kf7 26. b4 c4 27. Bd4 a6 28. c3 Kg6 29. Ne3 Kg5 30. f3 Bd6 31. Kf2 h5 32. g4 h4 33. Ke2 Kf4 34. Kf2 Kg5 35. Ke2 Bg3 36. Kf1 Be5 37. Bxe5 fxe5 38. Ke2 Kf4 39. Kf2 g6 40. Ng2+ Kg5 41. Ke2 Bd5 42. Ke3 Bc6 1/2-1/2

[Event "GER-ch U14 Girls"]
[Site "Oberhof"]
[Date "2011.06.17"]
[Round "8"]
[White "Petermann, Tessa"]
[Black "Nitzsche, Pia"]
[Result "1/2-1/2"]
[WhiteElo "1358"]
[BlackElo "1590"]
[PlyCount "47"]
[EventDate "2011.06.11"]
[EventType "swiss"]
[EventRounds "9"]
[EventCountry "GER"]
[SourceTitle "CBM 142 Extra"]
[Source "ChessBase"]
[SourceDate "2011.06.27"]
[SourceVersion "1"]
[SourceVersionDate "2011.06.27"]
[SourceQuality "1"]

1. d4 Nf6 2. Nf3 g6 3. c4 Bg7 4. Nc3 0-0 5. e4 d6 6. h3 e5 7. d5 Na6 8. Bd3 Nc5 9. Be3 a5 10. 0-0 Bd7 11. Qd2 a4 12. Bc2 Nh5 13. Bh6 Qc8 14. Ne2 f5 15. exf5 Bxf5 16. Bxg7 Nxg7 17. Bxf5 Nxf5 18. Ng3 Ne7 19. Qh6 Rf7 20. Ng5 Rg7 21. f4 Nf5 22. Nxf5 Qxf5 23. fxe5 Qxe5 24. Rae1 1/2-1/2

[Event "GER-ch U14 Girls"]
[Site "Oberhof"]
[Date "2011.06.13"]
[Round "3"]
[White "Bohdjalian, Roxanne"]
[Black "Petermann, Tessa"]
[Result "0-1"]
[WhiteElo "993"]
[BlackElo "1358"]
[PlyCount "80"]
[EventDate "2011.06.11"]
[EventType "swiss"]
[EventRounds "9"]
[EventCountry "GER"]
[SourceTitle "CBM 142 Extra"]
[Source "ChessBase"]
[SourceDate "2011.06.27"]
[SourceVersion "1"]
[SourceVersionDate "2011.06.27"]
[SourceQuality "1"]

1. e4 c5 2. Nc3 Nc6 3. Nf3 d6 4. Bb5 Bd7 5. 0-0 a6 6. Bc4 g6 7. Ng5 e6 8. Nf3 b5 9. Bd3 Bg7 10. b3 b4 11. Bb2 bxc3 12. dxc3 Nf6 13. c4 0-0 14. Rb1 Qc7 15. Re1 Nh5 16. Ba3 a5 17. e5 Nxe5 18. Nxe5 Bxe5 19. Be2 Nf6 20. Bb2 Bxb2 21. Rxb2 Bc6 22. Bf3 Kg7 23. c3 Bxf3 24. Qxf3 Rab8 25. Qf4 Nh5 26. Qe4 Qb7 27. Qd3 Rfd8 28. b4 Qxg2+ 29. Kxg2 Nf4+ 30. Kg3 Nxd3 31. Reb1 Nxb2 32. Rxb2 axb4 33. Rb3 bxc3 34. Rxc3 Ra8 35. a3 Ra6 36. h4 Rda8 37. Kg4 Rxa3 38. Rxa3 Rxa3 39. f4 f5+ 40. Kg5 Rg3# 0-1

[Event "GER-chT U14 Girls"]
[Site "Gross Doelln"]
[Date "2010.12.30"]
[Round "7.1"]
[White "Mueller, Sophie Elisabeth"]
[Black "Petermann, Tessa"]
[Result "1/2-1/2"]
[WhiteElo "1283"]
[BlackElo "1313"]
[PlyCount "42"]
[EventDate "2010.12.27"]
[EventType "team-swiss"]
[EventRounds "7"]
[EventCountry "GER"]
[SourceTitle "CBM 140 Extra"]
[Source "ChessBase"]
[SourceDate "2011.03.01"]
[SourceVersion "1"]
[SourceVersionDate "2011.03.01"]
[SourceQuality "1"]
[WhiteTeam "Homburg Erbach"]
[BlackTeam "Jena Schott"]
[WhiteTeamCountry "GER"]
[BlackTeamCountry "GER"]

1. d4 Nf6 2. Bf4 c5 3. e3 e6 4. Nf3 Nc6 5. Bd3 Be7 6. 0-0 0-0 7. Nbd2 d5 8. c3 Nh5 9. Bg3 Nxg3 10. fxg3 b6 11. Qc2 g6 12. e4 Rb8 13. exd5 exd5 14. Rae1 c4 15. Be2 Bf5 16. Qc1 Bf6 17. Rf2 Rb7 18. Ref1 Be6 19. b3 b5 20. Qb1 Qc8 21. Bd1 a6 1/2-1/2

[Event "GER-ch U10"]
[Site "Willingen"]
[Date "2008.05.11"]
[Round "5"]
[White "Petermann, Tessa"]
[Black "Engert, Marvin"]
[Result "1/2-1/2"]
[WhiteElo "1124"]
[BlackElo "1271"]
[PlyCount "54"]
[EventDate "2008.05.11"]
[EventType "swiss"]
[EventRounds "11"]
[EventCountry "GER"]
[SourceTitle "CBM 124 Extra"]
[Source "ChessBase"]
[SourceDate "2008.07.03"]
[SourceVersion "1"]
[SourceVersionDate "2008.07.03"]
[SourceQuality "1"]

1. e4 c5 2. d4 cxd4 3. c3 dxc3 4. Nxc3 e5 5. Nf3 Nc6 6. Bc4 Be7 7. 0-0 d6 8. Nd5 Nf6 9. Nxe7 Qxe7 10. Re1 0-0 11. Bg5 h6 12. Bh4 Be6 13. Be2 Rad8 14. Qd3 d5 15. exd5 Rxd5 16. Qe3 Nd4 17. Rac1 Nf5 18. Qxa7 e4 19. Bc4 exf3 20. Bxd5 Nxh4 21. Bxf3 Nxf3+ 22. gxf3 Nd5 23. Kh1 Qf6 24. Qa3 Nf4 25. Qe3 Bh3 26. Rg1 Rd8 27. Rc4 Nd3 1/2-1/2

[Event "GER-ch U10"]
[Site "Willingen"]
[Date "2008.05.11"]
[Round "3"]
[White "Petermann, Tessa"]
[Black "Oelfke, Nils Lukas"]
[Result "1/2-1/2"]
[WhiteElo "1124"]
[BlackElo "921"]
[PlyCount "95"]
[EventDate "2008.05.11"]
[EventType "swiss"]
[EventRounds "11"]
[EventCountry "GER"]
[SourceTitle "CBM 124 Extra"]
[Source "ChessBase"]
[SourceDate "2008.07.03"]
[SourceVersion "1"]
[SourceVersionDate "2008.07.03"]
[SourceQuality "1"]

1. e4 e5 2. Nf3 Nf6 3. Nxe5 d6 4. Nf3 Nxe4 5. Bc4 d5 6. Be2 Bd6 7. d3 Nf6 8. Nc3 c6 9. Be3 c5 10. d4 Qb6 11. dxc5 Qxb2 12. cxd6 Qxc3+ 13. Bd2 Qc6 14. Bf4 Ne4 15. Rb1 Nc3 16. Rb3 Nxd1 17. Bb5 Nxf2 18. Bxc6+ Nxc6 19. Kxf2 0-0 20. Re1 b6 21. Kg1 Bf5 22. Rc3 Rac8 23. Nh4 Be6 24. a3 h6 25. Bd2 Nd4 26. Rg3 g5 27. Nf3 Nxf3+ 28. Rxf3 Rxc2 29. Bc1 Rc4 30. Rg3 Rg4 31. Rf3 Rd8 32. h3 Rc4 33. Rg3 Rxd6 34. h4 Rxh4 35. Rf1 Rg4 36. Rh3 Rh4 37. Rxh4 gxh4 38. Bxh6 h3 39. Rf2 hxg2 40. Rxg2+ Kh7 41. Rh2 Bh3 42. Bf4 Rf6 43. Rxh3+ Kg6 44. Bb8 a6 45. Rd3 Rf5 46. Rc3 d4 47. Rc6+ Kg5 48. Rxb6 1/2-1/2

[Event "GER-ch U10"]
[Site "Willingen"]
[Date "2007.05.30"]
[Round "8"]
[White "Klesen, Jonas"]
[Black "Petermann, Tessa"]
[Result "0-1"]
[WhiteElo "826"]
[BlackElo "931"]
[PlyCount "80"]
[EventDate "2007.05.26"]
[EventType "swiss"]
[EventRounds "11"]
[EventCountry "GER"]
[SourceTitle "CBM 118 Extra"]
[Source "ChessBase"]
[SourceDate "2007.07.04"]
[SourceVersion "1"]
[SourceVersionDate "2007.07.04"]
[SourceQuality "1"]

1. e4 e5 2. Bc4 Nc6 3. Nf3 Nf6 4. Nc3 Be7 5. d3 0-0 6. Be3 d6 7. h3 Be6 8. Bb3 Bxb3 9. axb3 d5 10. 0-0 d4 11. Nd5 dxe3 12. fxe3 Nxd5 13. exd5 Qxd5 14. c4 Qc5 15. Qe2 Rfe8 16. Rad1 Rad8 17. Qf2 f6 18. d4 exd4 19. exd4 Qf5 20. d5 Nb4 21. Qh4 Bc5+ 22. Kh2 Re4 23. Nd4 Qe5+ 24. Qg3 Qxg3+ 25. Kxg3 Rxd4 26. Rxd4 Bxd4 27. Rb1 Re8 28. Kf4 Nd3+ 29. Kf3 Nxb2 30. Rc1 Re3+ 31. Kg4 Rxb3 32. Re1 a5 33. Re8+ Kf7 34. Ra8 a4 35. Kf4 Re3 36. h4 a3 37. g4 g6 38. g5 fxg5+ 39. hxg5 Nxc4 40. Ra6 bxa6 0-1

[Event "GER-ch U10"]
[Site "Willingen"]
[Date "2007.05.30"]
[Round "7"]
[White "Mehling, Katharina"]
[Black "Petermann, Tessa"]
[Result "1-0"]
[WhiteElo "899"]
[BlackElo "931"]
[PlyCount "67"]
[EventDate "2007.05.26"]
[EventType "swiss"]
[EventRounds "11"]
[EventCountry "GER"]
[SourceTitle "CBM 118 Extra"]
[Source "ChessBase"]
[SourceDate "2007.07.04"]
[SourceVersion "1"]
[SourceVersionDate "2007.07.04"]
[SourceQuality "1"]

1. d4 d5 2. c4 e5 3. e3 exd4 4. exd4 dxc4 5. Bxc4 Bb4+ 6. Nc3 Nf6 7. Nf3 0-0 8. 0-0 Re8 9. Bg5 Be7 10. Ne5 Be6 11. b3 Bxc4 12. bxc4 Nbd7 13. Re1 Nb6 14. c5 Nbd7 15. Rb1 b6 16. cxb6 axb6 17. Nc6 Qc8 18. Nxe7+ Rxe7 19. Rxe7 Qd8 20. Qe2 Ra3 21. Bxf6 Nxf6 22. Re1 Ra8 23. Nb5 h6 24. Nxc7 Ra7 25. Nb5 Rxe7 26. Qxe7 Qd5 27. Qe5 Qxa2 28. Qf5 Qb2 29. Nc7 Qxd4 30. Ne8 Ne4 31. Qxe4 Qc3 32. h3 b5 33. Rb1 b4 34. Qxb4 1-0

[Event "GER-ch U10"]
[Site "Willingen"]
[Date "2007.05.28"]
[Round "5"]
[White "Petermann, Tessa"]
[Black "Titgemeyer, Eva Maria"]
[Result "1/2-1/2"]
[WhiteElo "931"]
[BlackElo "848"]
[PlyCount "45"]
[EventDate "2007.05.26"]
[EventType "swiss"]
[EventRounds "11"]
[EventCountry "GER"]
[SourceTitle "CBM 118 Extra"]
[Source "ChessBase"]
[SourceDate "2007.07.04"]
[SourceVersion "1"]
[SourceVersionDate "2007.07.04"]
[SourceQuality "1"]

1. e4 e5 2. Nf3 Nc6 3. d4 exd4 4. Nxd4 Bc5 5. Be3 Qf6 6. c3 Nge7 7. Bc4 Ne5 8. Be2 Qg6 9. 0-0 d6 10. Nd2 Bh3 11. Bf3 0-0 12. Re1 Rad8 13. g3 Rfe8 14. Bh5 Qf6 15. N2f3 Nxf3+ 16. Nxf3 d5 17. e5 Qb6 18. Ng5 Rf8 19. Nxh3 Bxe3 20. Rxe3 d4 21. Rf3 dxc3 22. Qe2 cxb2 23. Rb1 1/2-1/2